000 01355nam a2200349 a 4500
001 000115784
003 CHAP
005 20220329144548.0
008 190704s2018 mx a sm |||||||spa d
010 _a112245
011 _a113217
040 _cCHAP
090 _aTesis
100 1 _aLibrado de la Cruz, Oyuki.
_9136410
245 1 0 _aMicroelementos y metales pesados en suelos agrícolas de Coatepec Harinas del Estado de México /
_h[En línea]
_cpor Oyuki Librado de la Cruz.
260 _aChapingo, Méx. :
_bEl autor,
_c2018.
500 _aPara ver el contenido del material haga clic en la liga
502 _aTesis (Ing. Agr. Fitotecnista) -- Colegio Superior Agropecuario del Estado de Guerrero. Centro de Estudios Profesionales
590 _aBATCH-UPD
_b05
_c20190705
_lUCH01
_h1257
590 _aBATCH-UPD
_b10
_c20190707
_lUCH01
_h1128
590 _aE11695DGD
_b10
_c20190707
_lUCH01
_h1128
590 _aE8697GMM
_b05
_c20190704
_lUCH01
_h1450
590 _aE8697GMM
_b05
_c20190704
_lUCH01
_h1452
590 _aE8697GMM
_b05
_c20190705
_lUCH01
_h1250
590 _aE8697GMM
_b05
_c20190705
_lUCH01
_h1256
650 1 4 _aMetales pesados
_xEfecto en suelos.
_975172
650 1 4 _aSuelos
_xElementos minerales.
_9110356
856 _aFinding aid
_uhttp://10.13.5.2/tesis/sist115784.pdf
_zTeclea aquí
901 _aBK
942 _cTESIS
942 _n0
999 _c112245
_d112245